Zufällige Asiatische Städte zu ihren Ländern - Statistiken

Allgemein
  • Dieses Quiz wurde 68 mal gespielt
  • Das Durchschnittsergebnis liegt bei 13 aus 20
Antwortstatistiken
Stadt Land % Korrekt
Jerewan Armenien
100%
Shanghai China
100%
Xi'an China
100%
Tiflis Georgien
100%
Mumbai Indien
100%
Jakarta Indonesien
100%
Bagdad Irak
100%
Teheran Iran
100%
Jerusalem Israel
100%
Tel Aviv Israel
100%
Fukuoka Japan
100%
Tokio Japan
100%
Amman Jordanien
100%
Astana Kasachstan
100%
Bischkek Kirgisistan
100%
Pjöngjang Nordkorea
100%
Faisalabad Pakistan
100%
Manila Philippinen
100%
Novosibirsk Russland
100%
Omsk Russland
100%
Wladiwostock Russland
100%
Seoul Südkorea
100%
Damaskus Syrien
100%
Homs Syrien
100%
Duschanbe Tadschikistan
100%
Bangkok Thailand
100%
Adana Türkei
100%
Ankara Türkei
100%
Antalya Türkei
100%
Izmir Türkei
100%
Dubai Vereinigte Arabische Emirate
100%
Hanoi Vietnam
100%
Ho-Chi-Minh-Stadt Vietnam
100%
Nikosia Zypern
100%
Mekka Saudi-Arabien
90%
Malé Malediven
89%
Dili Osttimor
89%
Dhaka Bangladesch
88%
Doha Katar
88%
Colombo Sri Lanka
88%
Manama Bahrain
86%
Chengdu China
86%
Chennai Indien
86%
Kathmandu Nepal
86%
Baku Aserbaidschan
83%
Thimphu Bhutan
83%
Kuala Lumpur Malaysia
83%
Maskat Oman
83%
Irkutsk Russland
83%
Krasnoyarsk Russland
82%
Bandar Seri Begawan Brunei
80%
Nanjing China
80%
Kobe Japan
80%
Aden Jemen
80%
Sanaa Jemen
80%
Busan Südkorea
80%
Indore Indien
78%
Medina Saudi-Arabien
78%
Ahmedabad Indien
75%
Isfahan Iran
75%
Sapporo Japan
75%
Phnom Penh Kambodscha
75%
Lahore Pakistan
75%
Aşgabat Turkmenistan
75%
Bhopal Indien
71%
Kandahar Afghanistan
70%
Kabul Afghanistan
67%
Hefei China
67%
Wuhan China
67%
Surabaya Indonesien
67%
Falludscha Irak
67%
Haifa Israel
67%
Hamhung Nordkorea
67%
Karatschi Pakistan
67%
Dschidda Saudi-Arabien
67%
Aleppo Syrien
67%
Basra Irak
63%
Almaty Kasachstan
63%
Chiang Mai Thailand
63%
Daegu Südkorea
60%
Siem Reap Kambodscha
57%
Vientiane Laos
57%
Bursa Türkei
55%
Gjumri Armenien
50%
Chittagong Bangladesch
50%
Harbin China
50%
Patna Indien
50%
Karadsch Iran
50%
Sendai Japan
50%
Beirut Libanon
50%
Johor Bahru Malaysia
50%
Dammam Saudi-Arabien
50%
Pattaya Thailand
45%
Rangun Myanmar
44%
Ganja Aserbaidschan
43%
Erbil Irak
43%
Cebu Philippinen
43%
Taichung Taiwan
43%
Cox's Bazar Bangladesch
40%
Naypyidaw Myanmar
40%
Konya Türkei
40%
Shardscha Vereinigte Arabische Emirate
40%
General Santos/Dadiangas Philippinen
38%
Niigata Japan
36%
Denpasar Indonesien
33%
Täbris Iran
33%
Al Jahra Kuwait
33%
Davao Philippinen
33%
Kaduwela Sri Lanka
33%
Nonthaburi Thailand
33%
Da Nang Vietnam
33%
Lhasa China
29%
Herat Afghanistan
25%
Tyros Libanon
25%
Mandalay Myanmar
25%
Larnaka Zypern
25%
Georgetown Malaysia
22%
Pune Indien
20%
Battambang Kambodscha
20%
Kaohsiung Taiwan
20%
Klang Malaysia
17%
Gwangju Südkorea
17%
Akaba Jordanien
14%
Bekasi Indonesien
13%
Mingcevir Aserbaidschan
0%
Khulna Bangladesch
0%
Kutaissi Georgien
0%
Shiras Iran
0%
Pakse Laos
0%
Multan Pakistan
0%
Mary Turkmenistan
0%
Taschkent Usbekistan
0%
Keine übereinstimmenden Quizze gefunden
Verteilung der Resultate
Anzahl Personen mit jedem Resultat
Perzentil nach korrekt beantworteten Fragen
Ihre Resultats-Entwicklung
Sie haben dieses Quiz noch nicht gespielt